| 000 | 00672nam a22001817a 4500 | ||
|---|---|---|---|
| 999 |
_c15613 _d15613 |
||
| 003 | AR-CdUCM | ||
| 008 | 190429b ||||| |||| 00| 0 esp d | ||
| 040 |
_aMUNICIPALIDAD PROVINCIAL DEL CUSCO _cBIBLIOTECA MUNICIPAL DEL CUSCO |
||
| 082 |
_a869.508 / _bA56 |
||
| 245 |
_aAncash : _btradiciones y cuentos / |
||
| 260 |
_aLima : _bAusonia, _c1958. |
||
| 300 |
_a93 páginas ; _c18cm. |
||
| 505 | _aJusticia de Bolívar, Ricardo Palma -- La temeridad y la justicia de Dios, Celso V. Torres -- Historia vulgar de un hombre de bien, Aurelio Arnao | ||
| 650 |
_aCuentos de costumbres _934 |
||
| 650 |
_aCuentos peruanos _97 |
||
| 942 |
_2ddc _cLIBROS |
||
| 945 |
_aacrt _d2019-04-29 |
||